Mimésis - Phương thức biểu hiện thực tại trong văn học phương Tây

Nghiên cứu, phê bình về lí thuyết, lịch sử, nghệ thuật, hiện tượng, trào lưu, trường phái các tác phẩm văn học kinh điển của văn học phương Tây thế kỉ XX

保存先:
書誌詳細
第一著者: Auerbach, Erich 1892-1957
その他の著者: Phùng Kiên (dịch, giới thiệu)
フォーマット: 図書
言語:Vietnamese
出版事項: H. Tri thức 2015
シリーズ:Tủ sách Tinh hoa tri thức thế giới
主題:
タグ: タグ追加
タグなし, このレコードへの初めてのタグを付けませんか!
Thư viện lưu trữ: Mạng thư viện Đại học Đà Nẵng
LEADER 01661aam a22004218a 4500
001 000022937
003 19386
005 20150521160548.0
008 150519s2015 viesd
020 |c 195000đ  |d 300b 
041 1 |a vie 
082 0 4 |2 23  |a 830.09  |b AU-E 
100 1 |a Auerbach, Erich  |d 1892-1957 
245 1 0 |a Mimésis - Phương thức biểu hiện thực tại trong văn học phương Tây  |c Erich Auerbach ; Phùng Kiên dịch, giới thiệu 
260 |a H.  |b Tri thức  |c 2015 
300 |a 707 tr.  |b ảnh  |c 24 cm. 
490 0 |a Tủ sách Tinh hoa tri thức thế giới 
504 |a Thư mục đầu sách 
520 |a Nghiên cứu, phê bình về lí thuyết, lịch sử, nghệ thuật, hiện tượng, trào lưu, trường phái các tác phẩm văn học kinh điển của văn học phương Tây thế kỉ XX 
650 0 4 |2 Bộ TK TVQG  |a Văn học phương Tây  |x Nghiên cứu 
650 7 |2 Bộ TK TVQG 
650 7 |2 Bộ TK TVQG 
650 7 |2 Bộ TK TVQG 
653 |a Văn học phương Tây 
653 |a Phê bình văn học 
653 |a Mimesis 
653 |a Nghiên cứu văn học 
700 1 |a Phùng Kiên  |e dịch, giới thiệu 
OWN |a LSP 
AVA |a UDN50  |b LSP  |d 830.09 AU-E  |e available  |t Error 5001 Not defined in file expand_doc_bib_avail.  |f 5  |g 0  |h N  |i 0  |k 1 
999 |a From the UDN01 
AVA |a UDN50  |b LSP  |d 830.09 AU-E  |e available  |t Error 5001 Not defined in file expand_doc_bib_avail.  |f 5  |g 0  |h N  |i 0  |k 1 
TYP |a Monograph 
TYP |a Printed language 
980 |a Mạng thư viện Đại học Đà Nẵng